00345nam a2200109Ia 4500008004100000020001400041040002900055050002400084100002000108245005000128260005700178221216s9999||||xx |||||||||||||| ||und|| a852557337 cChuka University Library aLA 1561 b.A53 1996 aAjayi, J. F. A. 4aThe African experience with higher education  aThe Association of African UniversitiesbAccrac1996